The twelve huntsmen / (Record no. 6427)
[ view plain ]
| 000 -LEADER | |
|---|---|
| fixed length control field | 01607nam a22002657a 4500 |
| 001 - CONTROL NUMBER | |
| control field | 6427 |
| 003 - CONTROL NUMBER IDENTIFIER | |
| control field | FISKH |
| 005 - DATE AND TIME OF LATEST TRANSACTION | |
| control field | 20250430092419.0 |
| 008 - FIXED-LENGTH DATA ELEMENTS--GENERAL INFORMATION | |
| fixed length control field | 250430b cb ||||| |||| 00| 0 eng d |
| 020 ## - INTERNATIONAL STANDARD BOOK NUMBER | |
| International Standard Book Number | 9788956354040 |
| 040 ## - CATALOGING SOURCE | |
| Original cataloging agency | FISKH |
| Language of cataloging | eng |
| Transcribing agency | FISKH |
| Modifying agency | FISKH |
| 050 ## - LIBRARY OF CONGRESS CALL NUMBER | |
| Classification number | PZ7 |
| 082 ## - DEWEY DECIMAL CLASSIFICATION NUMBER | |
| Classification number | 398.220943 |
| 100 ## - MAIN ENTRY--PERSONAL NAME | |
| Personal name | Grimm, Brothers |
| 245 ## - TITLE STATEMENT | |
| Title | The twelve huntsmen / |
| Statement of responsibility, etc. | Brothers Grimm |
| 260 ## - PUBLICATION, DISTRIBUTION, ETC. | |
| Place of publication, distribution, etc. | Songpa-gu : |
| Name of publisher, distributor, etc. | efuture, |
| Date of publication, distribution, etc. | 2009. |
| 300 ## - PHYSICAL DESCRIPTION | |
| Extent | 34 pages : |
| Other physical details | color illustrations ; |
| Dimensions | 21 cm |
| 505 ## - FORMATTED CONTENTS NOTE | |
| Formatted contents note | O<br/> |
| 520 ## - SUMMARY, ETC. | |
| Summary, etc. | A young prince falls in love with a beautiful woman and promises to marry her. However, when his father becomes gravely ill, the prince is summoned home and, to please his dying father, agrees to marry another princess. Heartbroken, his first love devises a plan.<br/><br/>She gathers eleven other women who resemble her in height and appearance. Disguised as twelve huntsmen, they go to the prince’s court and offer their service. The prince, unaware of their true identities, accepts them as his huntsmen.<br/><br/>The prince's lion, a wise animal, suspects the huntsmen are actually women and warns the prince. The lion devises several tests to prove their true gender, but the clever women pass each one. Eventually, the prince overhears the leader (his former fiancée) speaking and realizes her true identity. Moved by love and her loyalty, he breaks off his engagement to the second princess and marries his original beloved. |
| 521 8# - TARGET AUDIENCE NOTE | |
| Target audience note | 600<br/><br/> |
| Source | Lexile estimate<br/> |
| 521 8# - TARGET AUDIENCE NOTE | |
| Target audience note | O<br/> |
| Source | Raz-Plus<br/><br/><br/> |
| 650 ## - SUBJECT ADDED ENTRY--TOPICAL TERM | |
| Topical term or geographic name entry element | Voluntary |
| Form subdivision | Fiction |
| 942 ## - ADDED ENTRY ELEMENTS (KOHA) | |
| Source of classification or shelving scheme | Dewey Decimal Classification |
| Koha item type | Books |
| Suppress in OPAC | No |
| Withdrawn status | Lost status | Source of classification or shelving scheme | Damaged status | Not for loan | Collection | Home library | Current library | Shelving location | Date acquired | Total Checkouts | Full call number | Barcode | Date last seen | Copy number | Price effective from | Koha item type |
|---|---|---|---|---|---|---|---|---|---|---|---|---|---|---|---|---|
| Dewey Decimal Classification | Juvenile Fiction | Footprints International School Library Network Toul Kork Campus | Footprints International School Library Network Toul Kork Campus | TK Primary Library Room(4th Floor), Bookcase 3&4, Shelves 17-32, Yellow Books | 04/30/2025 | GRI 398.220943 PZ7 | FISBK072631 | 04/30/2025 | 1 | 04/30/2025 | Books |
